A Comprehensive Review of Modern Logistics and Supply Chain Management Concepts, Current Approaches, and Future Directions

Bibliográfiai részletek
Szerző: Kazim Akbarov
Dokumentumtípus: Könyv része
Megjelent: Budapesti Gazdaságtudományi Egyetem Budapest 2025
Sorozat:II. Dr. Sztanó Imre Emlékkonferencia
Tárgyszavak:
doi:10.29180/978-615-6886-22-4_17

Online Access:http://publikaciotar.uni-bge.hu/2611

MARC

LEADER 00000naa a2200000 i 4500
001 publ2611
005 20260130114517.0
008 260130s2025 hu o 000 zxx d
020 |a 978-615-6886-22-4 
024 |a 10.29180/978-615-6886-22-4_17  |2 doi 
040 |a BGE Publikációtár Repozitórium  |b hun 
100 1 |a Kazim Akbarov 
245 1 2 |a A Comprehensive Review of Modern Logistics and Supply Chain Management  |b Concepts, Current Approaches, and Future Directions  |c Kazim Akbarov  |h [elektronikus dokumentum] 
260 |a Budapesti Gazdaságtudományi Egyetem  |b Budapest  |c 2025 
300 |a 1-18 
490 0 |a II. Dr. Sztanó Imre Emlékkonferencia 
650 4 |a gazdálkodás- és szervezéstudományok 
856 4 0 |u https://publikaciotar.uni-bge.hu/id/eprint/2611/1/Dr.%20Sztan%C3%B3%20Imre%20Elml%C3%A9kkonferencia_konferenciak%C3%B6tet_17.pdf  |z Dokumentum-elérés